ბათუმის შოთა რუსთაველის სახელმწიფო უნივერსიტეტის ბიბლიოთეკა

დიდი ქართულ-ინგლისური ლექსიკონი = A Comprehensive Georgian-English Dictionary : (ბიბ.ჩანაწერი № 63218)

000 -ლიდერი
ფიქსირებული სიგრძის საკონტროლო ველი 01179nam a22001937a 4500
003 - საკონტროლო ნომრის იდენტიფიკატორი
საკონტროლო ველი Ge_BSU
005 - ბოლო ოპერაციის თარიღი და დრო
საკონტროლო ველი 20250701105958.0
008 - ფიქსირებული სიგრძის მონაცემთა ელემენტები - ზოგადი ინფორმაცია
ფიქსირებული სიგრძის საკონტროლო ველი 250701s2006 ge ||||| |||| 00| 0 geo d
041 ## - ენის კოდი
Language code of text/sound track or separate title geo
080 ## - უნივერსალური ათობითი კლასიფიკაციის ინდექსი
Universal Decimal Classification number 81'374.822=353.1=111 დ-45
245 ## - ცნობა სათაურის შესახებ
Title დიდი ქართულ-ინგლისური ლექსიკონი = A Comprehensive Georgian-English Dictionary :
Remainder of title [2 ტომად]. ტ. 2, მ - ჰ /
Statement of responsibility, etc შემდგ.: რუსუდან ამირეჯიბი, შუქია აფრიდონიძე..., დონალდ რეიფილდი (მთ. რედ.) და სხვ.
264 ## - წარმოების, გამოცემის, დისტრიბუციის და სხვა ცნობები
გამოცემის, წარმოების, დისტრიბუციის... ადგილი ლონდონი :
გამოცემის, წარმოების, დისტრიბუციის... სახელწოდება გარნეტი,
გამოცემის, წარმოების, დისტრიბუციის... თარიღი 2006.
300 ## - ფიზიკური აღწერა
Extent 1728 გვ.
Other physical details 28 სმ.
653 ## - INDEX TERM--UNCONTROLLED
Uncontrolled term ლექსიკონი
700 ## - ADDED ENTRY--PERSONAL NAME
Personal name ამირეჯიბი, რუსუდან
Relator term შემდგენელი
9 (RLIN) 25580
700 ## - ADDED ENTRY--PERSONAL NAME
Personal name აფრიდონიძე, შუქია
Relator term შემდგენელი
9 (RLIN) 1198
700 ## - ADDED ENTRY--PERSONAL NAME
Personal name დონალდ რეიფილდი და სხვ.
Relator term შემდგენელი, მთ. რედაქტორი
9 (RLIN) 25581
942 ## - ADDED ENTRY ELEMENTS (KOHA)
Source of classification or shelving scheme
Koha item type წიგნი
ეგზემპლარები
ჩამოწერის სტატუსი დაკარგული ეგზემპლარის სტატუსი კლასიფიკაციის წყარო ან თაროზე გაწყობის სქემა დაზიანების სტატუსი არ გაიცემა მუდმივი მდებარეობა (დაცვის ადგილი) ამჟამინდელი ადგილსამყოფელი თაროზე განთავსების ადგილი შეძენის თარიღი ღირებულება, შესყიდვის ნორმალური ფასი სრული შენახვის შიფრი შტრიხკოდი ბოლო ოპერაციის თარიღი ეგზემპლარის მიმდევრობითი ნომერი (კეტერი?) ფასის ძალაში შესვლის თარიღი ეგზემპლარის სახეობა საჯარო შენიშვნა
          ბათუმის შოთა რუსთაველის სახელმწიფო უნივერსიტეტის მთავარი ბიბლიოთეკა ბათუმის შოთა რუსთაველის სახელმწიფო უნივერსიტეტის მთავარი ბიბლიოთეკა წიგნსაცავი 2025-07-01 200.00 81'374.822=353.1=111 დ-45 72005 2025-07-01 72005 2025-07-01 წიგნი 200 ლ.